Представление документа в формате RUSMARC

ПолеНазваниеЗначение
  Тип записи a
  Библиографический уровень m
001 Контрольный номер RU/SLIB/B/208701986
005 Дата корректировки 20241106152651.2
010 Индекс ISBN __
d Цена 0-60
101 Язык документа 0_
a Язык текста rus
c Язык оригинала rus
200 Заглавие и сведения об ответственности 0_
a Заглавие Ликующая муза
e Сведения, относящиеся к заглавию новеллы, этюды, размышления
f Первые сведения об ответственности И. Я. Бражнин
b Общее обозначение материала Текст
210 Выходные данные 1_
a Место издания Новосибирск
c Издательство Зап.-Сиб. кн. изд-во
d Дата издания 1974
215 Физическое описание __
a Объем 415 с.
c Иллюстрации/тип воспроизводства ил.
606 Тематические рубрики __
a Основная рубрика Литературоведение
606 Тематические рубрики __
a Основная рубрика Русская литература XIX в.
606 Тематические рубрики __
a Основная рубрика Художественная литература
606 Тематические рубрики __
a Основная рубрика Русская литература XX в. (произведения)
610 Ключевые слова 0_
a Ключевые слова новеллы; этюды; размышления; литературные воспоминания; писатели; проза; литературные статьи
686 Индексы других классификаций __
2 Код системы rubbks
a Классификационный индекс 83.3(2Рос=Рус)1-8
686 Индексы других классификаций __
a Классификационный индекс 84(2Рос=Рус)6-4
700 Автор _1
a Фамилия Бражнин
b Имя И. Я.
4 Код отношения 070
801 Источник записи _0
a Страна RU
b Организация Муниципальное бюджетное учреждение культуры "Централизованная библиотечная система" г. Сургут (Центральная городская библиотека им. А. С. Пушкина)
g Правила каталогизации ОБ/Гудкова
801 Источник записи _1
a Страна RU
b Организация Муниципальное бюджетное учреждение культуры "Централизованная библиотечная система" г. Сургут (Центральная городская библиотека им. А. С. Пушкина)
g Правила каталогизации ОБ/Гудкова
852 Данные о местонахождении __
j Шифр хранения 83.3(2Рос=Рус)1-8
c Каталожный индекс 83.3(2Рос=Рус)1-8; 84(2Рос=Рус)6-4
i Авторский знак Б 87
p Инвентарный номер 72002
901 Тип документа __
t Тип документа m
903 Характеристики (МАРС) __
a Дата передачи 19990615
990 Данные о заказе (DOS) 00
j Количество экземпляров (DOS) 1
t N записи в КСУ для И/У (DOS) 199901